<?xml version="1.0" encoding="UTF-8"?>
<record
    xmlns:xsi="http://www.w3.org/2001/XMLSchema-instance"
    xsi:schemaLocation="http://www.loc.gov/MARC21/slim http://www.loc.gov/standards/marcxml/schema/MARC21slim.xsd"
    xmlns="http://www.loc.gov/MARC21/slim">

  <leader>01577nam a2200169   4500</leader>
  <datafield tag="999" ind1=" " ind2=" ">
    <subfield code="c">512440</subfield>
    <subfield code="d">512440</subfield>
  </datafield>
  <controlfield tag="008">191122b           ||||| |||| 00| 0 eng d</controlfield>
  <datafield tag="100" ind1=" " ind2=" ">
    <subfield code="a">Kasdin, Stuart</subfield>
    <subfield code="9">13705</subfield>
  </datafield>
  <datafield tag="245" ind1=" " ind2=" ">
    <subfield code="a">Contracts, agency vulnerability, and the allocation of federal funds</subfield>
  </datafield>
  <datafield tag="260" ind1=" " ind2=" ">
    <subfield code="b">American Review of Public Administration</subfield>
  </datafield>
  <datafield tag="300" ind1=" " ind2=" ">
    <subfield code="a">49(6), Aug, 2019: p.720-732.</subfield>
  </datafield>
  <datafield tag="520" ind1=" " ind2=" ">
    <subfield code="a">Legislators have the potential for credit claiming from agency spending in a congressional district only when the awarded contracts or grants are sufficiently large to be noticed or appreciated. Therefore, unlike previous research on distributive politics, we examine the allocation of contracts considering the size of the contracts, not just the overall spending or the numbers of contracts per congressional district. We use a difference-in-difference analysis to evaluate how agencies altered their allocations of contracts in response to the 2006 congressional elections, in which partisan control of the Congress changed to the Democrats. We find that federal agencies responded to the election by allocating larger contracts to Democratic districts. In addition, we find that agencies whose programs received lower scores on the Bush administration&#x2019;s Program Assessment Rating Tool (PART) allocated larger contracts to Democratic than Republican districts than did agencies whose programs received higher PART ratings. - Reproduced.</subfield>
  </datafield>
  <datafield tag="650" ind1=" " ind2=" ">
    <subfield code="a">Contracts</subfield>
    <subfield code="9">13706</subfield>
  </datafield>
  <datafield tag="700" ind1=" " ind2=" ">
    <subfield code="a">Lin, Luona</subfield>
    <subfield code="9">13707</subfield>
  </datafield>
  <datafield tag="773" ind1=" " ind2=" ">
    <subfield code="a">American Review of Public Administration</subfield>
  </datafield>
  <datafield tag="906" ind1=" " ind2=" ">
    <subfield code="a">Government purchase</subfield>
  </datafield>
  <datafield tag="942" ind1=" " ind2=" ">
    <subfield code="2">ddc</subfield>
    <subfield code="c">AR</subfield>
  </datafield>
  <datafield tag="952" ind1=" " ind2=" ">
    <subfield code="0">0</subfield>
    <subfield code="1">0</subfield>
    <subfield code="2">ddc</subfield>
    <subfield code="4">0</subfield>
    <subfield code="7">0</subfield>
    <subfield code="9">386495</subfield>
    <subfield code="a">IIPA</subfield>
    <subfield code="b">IIPA</subfield>
    <subfield code="d">2019-11-22</subfield>
    <subfield code="h">49(6), Aug, 2019: p.720-732.</subfield>
    <subfield code="p">AR121812</subfield>
    <subfield code="r">2019-11-22</subfield>
    <subfield code="y">AR</subfield>
  </datafield>
</record>
